| 000 | 00982nam a22001337a 4500 | ||
|---|---|---|---|
| 999 |
_c533790 _d533790 |
||
| 008 | 260624b ||||| |||| 00| 0 eng d | ||
| 100 |
_aPawde, Balu _961317 |
||
| 245 | _a Digital consumption in India during 2022–23 and 2023–24 | ||
| 260 | _aEconomic & Political Weekly | ||
| 300 | _a61(23), Jun 6, 2026: p.22-26 | ||
| 520 | _aUsing HCES 2022–24, the rapid expansion of India’s digital consumption across rural and urban households via online purchases and payments is shown, with rural catch-up but at lower levels. Digital consumption growth is led by non-food services (travel, utilities, clothing) while food remains stagnant. While higher-income and educated households dominate, SC/ST lag, indicating stratification requiring access, connectivity, digital literacy, inclusion policies.- Reproduced https://www.epw.in/journal/2026/23/commentary/digital-consumption-india-during-2022-23-and-2023.html | ||
| 773 | _aEconomic & Political Weekly | ||
| 942 | _cAR | ||